| 000 | 00875nam a22001697a 4500 | ||
|---|---|---|---|
| 005 | 20240717111600.0 | ||
| 008 | 240717b ||||| |||| 00| 0 eng d | ||
| 020 | _a9780130422071 | ||
| 050 | _aZ1037.A1N68(6e) | ||
| 100 | _9Norton, Donna E. | ||
| 245 |
_aThrough the eyes of the child: An introduction to children's literature / _cDonna E. Norton et al |
||
| 260 |
_aOhio: _bMerrill Prentice Hall, _c2003. |
||
| 300 |
_axv, 589 p.: _bill., col.; _c27cm. |
||
| 500 | _aIncludes bibliographies, reference, index | ||
| 505 | _aContents: The children responds to literature -- The history of children's literature -- Evaluation and selecting literature for children -- Artists and their illustrations -- Picture books -- Traditional literature -- Modern fantasy -- Poetry -- Contemporary realistic fiction -- Historical fiction -- Multicultural literature | ||
| 942 |
_2lcc _cREF |
||
| 999 |
_c10292 _d17792 |
||